000 00514nam a2200193 i 4500
001 56265
003 ES-MaACL
005 20230906163323.0
007 t|
008 031007s1964 sp a d ||||1|dspa d
080 _a(031)
245 0 0 _aDiccionario enciclopédico abreviado.
250 _a1ª ed.
260 _aBarcelona :
_bPlaza & Janés,
_c1964.
300 _a2 v., 16 lám. col. ;
_c25 cm.
650 _aEnciclopedias.
_912235
710 2 _aPlaza & Janés Editores.
_96229
852 _aES-MaACL
_jC-27372-23
999 _c56265
_d56265